[Event "Vienna op-B"]
[Site "Vienna"]
[Date "1995.??.??"]
[Round "5"]
[White "Gruber, Paul"]
[Black "Poltavets, G."]
[Result "1/2-1/2"]
[WhiteElo "1895"]
[BlackElo "2005"]
[PlyCount "79"]
[EventDate "1995.??.??"]
[EventType "swiss"]
[EventRounds "9"]
[EventCountry "AUT"]
[SourceTitle "EXT 1998"]
[Source "ChessBase"]
[SourceDate "1997.11.17"]
[SourceVersion "1"]
[SourceVersionDate "1997.11.17"]
[SourceQuality "1"]

1. d4 Nf6 2. c4 e6 3. Nc3 Bb4 4. a3 Bxc3+ 5. bxc3 c5 6. Qc2 Nc6 7. e3 0-0 8. Nf3 b6 9. Bd3 d6 10. 0-0 Qc7 11. d5 Na5 12. e4 h6 13. Bf4 Nh5 14. Be3 e5 15. Rfe1 Qe7 16. Rab1 Qf6 17. Bf1 Qg6 18. Nh4 Qf6 19. g3 g5 20. Nf5 Ng7 21. g4 Ba6 22. Qa2 Nxf5 23. gxf5 g4 24. Bd3 h5 25. Kh1 Kh7 26. Rg1 Rg8 27. Rg2 Rg7 28. Rbg1 Rag8 29. Qe2 Qh4 30. Rg3 Qe7 31. Bc1 Kh8 32. Be3 f6 33. Bc1 Qf7 34. Be3 Rh7 35. Bc1 Rgg7 36. Be3 Kg8 37. h3 Kh8 38. Kh2 Qg8 39. Bc1 Nb7 40. f3 1/2-1/2

[Event "Vienna op-B"]
[Site "Vienna"]
[Date "1995.??.??"]
[Round "9"]
[White "Hoffmann, Gerald"]
[Black "Poltavets, G."]
[Result "1/2-1/2"]
[WhiteElo "2025"]
[BlackElo "2005"]
[PlyCount "44"]
[EventDate "1995.??.??"]
[EventType "swiss"]
[EventRounds "9"]
[EventCountry "AUT"]
[SourceTitle "EXT 1998"]
[Source "ChessBase"]
[SourceDate "1997.11.17"]
[SourceVersion "1"]
[SourceVersionDate "1997.11.17"]
[SourceQuality "1"]

1. e4 c6 2. d4 d5 3. exd5 cxd5 4. c3 Nc6 5. Bf4 Nf6 6. Bd3 g6 7. Nf3 Bg4 8. Nbd2 Bg7 9. Qb3 Na5 10. Qa4+ Bd7 11. Qc2 0-0 12. h3 Rc8 13. Ne5 b5 14. b4 Nc6 15. Nxc6 Rxc6 16. Nb3 Ne4 17. Bxe4 dxe4 18. Nc5 Bf5 19. g4 Be6 20. a4 a6 21. axb5 axb5 22. 0-0 Bd5 1/2-1/2

[Event "Vienna op-B"]
[Site "Vienna"]
[Date "1995.??.??"]
[Round "7"]
[White "Palmerio, Celestin"]
[Black "Poltavets, G."]
[Result "0-1"]
[WhiteElo "1945"]
[BlackElo "2005"]
[PlyCount "54"]
[EventDate "1995.??.??"]
[EventType "swiss"]
[EventRounds "9"]
[EventCountry "AUT"]
[SourceTitle "EXT 1998"]
[Source "ChessBase"]
[SourceDate "1997.11.17"]
[SourceVersion "1"]
[SourceVersionDate "1997.11.17"]
[SourceQuality "1"]

1. e4 c6 2. d4 d5 3. e5 Bf5 4. Nf3 e6 5. Be2 Nd7 6. 0-0 Ne7 7. c4 dxc4 8. Nbd2 b5 9. Nh4 Nb6 10. Nxf5 Nxf5 11. Nf3 c5 12. Bg5 Be7 13. Bxe7 Qxe7 14. b3 Rd8 15. bxc4 Nxd4 16. Nxd4 Rxd4 17. Qc2 Nxc4 18. a4 0-0 19. axb5 Nxe5 20. f4 Ng6 21. g3 c4 22. f5 exf5 23. Bxc4 f4 24. Rfe1 Qf6 25. Ra6 Rd6 26. Rxd6 Qxd6 27. Rd1 Qb6+ 0-1

[Event "Vienna op-B"]
[Site "Vienna"]
[Date "1995.??.??"]
[Round "4"]
[White "Poltavets, G."]
[Black "Sandhu, Mario"]
[Result "0-1"]
[WhiteElo "2005"]
[BlackElo "2010"]
[PlyCount "90"]
[EventDate "1995.??.??"]
[EventType "swiss"]
[EventRounds "9"]
[EventCountry "AUT"]
[SourceTitle "EXT 1998"]
[Source "ChessBase"]
[SourceDate "1997.11.17"]
[SourceVersion "1"]
[SourceVersionDate "1997.11.17"]
[SourceQuality "1"]

1. Nf3 f5 2. d4 Nf6 3. Bg5 e6 4. Nbd2 Be7 5. Bxf6 Bxf6 6. e4 0-0 7. Bd3 d5 8. exf5 exf5 9. 0-0 g6 10. Re1 Nd7 11. Qe2 c6 12. a4 Bg7 13. a5 Nf6 14. Ne5 Ne4 15. Nb3 Bxe5 16. dxe5 Qe7 17. c3 Bd7 18. Bc2 c5 19. f3 Ng5 20. Qe3 b6 21. Qf2 Bc6 22. h4 Ne6 23. Rad1 Kh8 24. Rd2 g5 25. hxg5 Qxg5 26. Qe3 Qh4 27. Ra1 Qh5 28. Bd1 Rg8 29. f4 Qh4 30. Bf3 Nxf4 31. e6 Nh3+ 32. Kf1 Bb5+ 33. Re2 Bxe2+ 34. Qxe2 Ng5 35. Qe5+ Rg7 36. Bxd5 Ne4 37. Bxe4 fxe4 38. e7 Re8 39. axb6 Rexe7 40. Qb8+ Rg8 41. bxa7 Rf7+ 42. Ke2 Qf2+ 43. Kd1 Qf1+ 44. Kc2 Qd3+ 45. Kc1 Rf1# 0-1